=LDR 00000nam 2200000 4500 =001 INLIS000000000030931 =005 20250423095706 =035 ##$$a 0010-061300000030931 =008 250423################b##########0#ind## =041 ##$$a ind =082 ##$$a 028.5 =090 ##$$a 028.5, Mua s =100 ##$$a Muakhir, Ali =245 1#$$a Sangat pemberani, oleh Ali Muakhir ; Penerjemah, Harisa permatasari ; editor, Imran laha /$c Ali Muakhir ; Penerjemah, Harisa permatasari ; editor, Imran laha =260 ##$$a Jakarta :$b PT. Bumi Aksara Group =300 ##$$a 23 hlm : $b ilus ; $c 20 x 19 cm =650 #4$$a Bacaan Anak-anak =850 ##$$a NBPNMAT =020 ##$$a 978-979-010-434-1 =084 ##$$a 028.5 MUA s =990 ##$$a 0001/BPAP-NTB/20142014 =990 ##$$a 0001/BPAP-NTB/20142014 =990 ##$$a 21602759/BPAP-NTB/2017 =990 ##$$a 10181018 =990 ##$$a 20901701 =990 ##$$a 0001/BPAP-NTB/20142014 =990 ##$$a 0001/BPAP-NTB/20142014 =990 ##$$a 21602759/BPAP-NTB/2017